000 00343nam a22001577a 4500
003 SGT
020 _a9789332585348
082 _a005.1 TAN
100 _aTANEJA ,SHEETAL
245 _aPYTHON PROGRAMMING A MODULAR APPROACH
250 _a4TH
260 _aUP
_bPEARSON
_c2019
300 _a582
650 _aCOMPUTER
942 _2ddc
_cBK
_080
999 _c18285
_d18285